000 00289nam a22001337a 4500
008 171102b xxu||||| |||| 00| 0 eng d
020 _a9780072426366
041 _aeng
080 _a33
100 _a59
101 _aBUS
245 _aBUILDING AN EBUSINESS
_cELIZABETH
942 _2udc
_cBK
999 _c37235
_d37235